000 00489nam a22001931a 4500
001 5291
003 OSt
005 20260204212009.0
008 051213s1974||||dr ||||||b||||||||||spa||
050 _aRD 111.85 M67a
100 _aMir, Pedro
245 _aApertura a la estética / Pedro Mir
264 _aSanto Domingo : UASD
300 _a261 p
490 _aColección historia y sociedad No. 6
500 _aIncluye indice y bibliografía
650 _aEstéticaÌ
942 _2ddc
_cBK
999 _c5291
_d5291